000
00309pam a2200109a 44500
008
230405s2015 xxu||||| |||| 00| 0 eng d
041
_a
ENG
100
_a
PAMELA C / HARVEY
245
_a
LIPPINCOOTS IIIUSTRATED REVIEW BIOCHEMISTRY ( PAMELA)
260
_a
_b
LIPPINCOTT RAVEN PUB NEW YORK
_c
2015
906
_a
5352
999
_c
280623
_d
280623